Preparation of styrene graft natural rubber and its elevation in footwear items (Record no. 65618)

MARC details
000 -LEADER
fixed length control field 00407nam a2200133Ia 4500
100 ## - MAIN ENTRY--AUTHOR NAME
Personal name Rajammal G
245 #0 - TITLE STATEMENT
Title Preparation of styrene graft natural rubber and its elevation in footwear items
260 ## - PUBLICATION, DISTRIBUTION, ETC. (IMPRINT)
Name of publisher International Rubber Conference, India, 1980
Year of publication 1980
650 ## - SUBJECT ADDED ENTRY--TOPICAL TERM
Topical Term Specility rubbers
700 ## - ADDED ENTRY--PERSONAL NAME
Personal name Claramma N M
700 ## - ADDED ENTRY--PERSONAL NAME
Personal name Thomas E V
942 ## - ADDED ENTRY ELEMENTS (KOHA)
Koha item type Journals
Holdings
Withdrawn status Lost status Damaged status Not for loan Home library Current library Shelving location Date acquired Koha item type
      Journals RRII Library RRII Library Rubber chemistry 17/12/2021 Journals